د يو ا ن شمس کلکتو ی (معہ مقد مہ) (Record no. 166551)

MARC details
000 -LEADER
fixed length control field 00726nam a22001937a 4500
005 - DATE AND TIME OF LATEST TRANSACTION
control field 20190729111244.0
010 ## - LCCN (DPL NO)
LC control number UR-10301
020 ## - INTERNATIONAL STANDARD BOOK NUMBER
Terms of availability 400.00
International Standard Book Number 9789388356350
035 ## - SYSTEM CONTROL NUMBER
System control number U-8856
037 ## - SOURCE OF ACQUISITION
Source of stock number/acquisition DBAD/PUB
082 ## - DEWEY DECIMAL CLASSIFICATION NUMBER
Classification number 841.08
100 ## - MAIN ENTRY--PERSONAL NAME
Personal name مو لفہ : بلقيس بيگم
245 ## - TITLE STATEMENT
Title د يو ا ن شمس کلکتو ی (معہ مقد مہ)
Statement of responsibility, etc مو لفہ : بلقيس بيگم
246 ## - VARYING FORM OF TITLE
Remainder of title Deewan-e-Shams Kalkatvi(Ma Muqaddama) (Urdu)
Title proper/short title Ed. by Bilquis Begum
260 ## - PUBLICATION, DISTRIBUTION, ETC. (IMPRINT)
Place of publication, distribution, etc Delhi
Name of publisher, distributor, etc Educational Publishing House
Date of publication, distribution, etc 2018 ء
270 ## - ADDRESS
Address 3191,Vakil Street,Kucha Pandit Lal Kuan,
City Delhi
Postal code 110006
Telephone number 23216162
Fax number 0091-1123211540
300 ## - PHYSICAL DESCRIPTION
Extent 276 ص
Dimensions 22 Cm(Hb)
942 ## - ADDED ENTRY ELEMENTS (KOHA)
Source of classification or shelving scheme Dewey Decimal Classification
Item type Urdu Bks
Classification part 841.08
Call number suffix ش م س
Holdings
Withdrawn status Lost status Not for loan Collection code Home library Current library Date acquired Source of acquisition Cost, normal purchase price Full call number Barcode Copy number Cost, replacement price Koha item type
    Not For Loan Non-fiction D.B.Act.Division D.B.Act.Division 29/07/2019 DBAD/PUB 400.00 841.08 ش م س U-8856 1 400.00 Urdu Bks

© Delhi Public Library
Hit Counter
free hit counter